000 00404nam a2200157Ia 4500
008 230711s9999||||xx |||||||||||||| ||und||
041 _aENG
082 _a621.319
_bRA-E
100 _aRao,S
245 0 _aEHV-AC,HVDC transmission and distribution engineering
250 _a3rd . Ed.
260 _c2009
_aNew Delhi
_bKhanna Publishers
300 _a1421
650 _aElectrical Engineering
942 _cBK
999 _c5026
_d5026